| 000 | 00866cam a2200229 4500 | ||
|---|---|---|---|
| 001 | J374 | ||
| 008 | 090401t1935 xxu||||| |||| 00| 0 eng d | ||
| 035 | _a(Sirsi) u74597 | ||
| 041 | _aeng | ||
| 050 | _a692.3 | ||
| 090 | _aSMM 1935/1BCDE | ||
| 110 |
_aChartered Surveyors' Institution _92274 |
||
| 245 | _aStandard method of measurement of building works authorised by agreement between the Chartered Surveyors` Institution and the National Federation of Building Trades Employers and approved by the Institute of Builders. | ||
| 250 | _a3rd ed. | ||
| 260 |
_aLondon _bChartered Surveyors' Institution National _c1935 |
||
| 300 | _a81 leaves ; 31cm. | ||
| 350 | _a0 | ||
| 650 | _aBUILT ENVIRONMENT-QUANTITY SURVEYING-STANDARD METHOD OF MEASUREMENT | ||
| 710 |
_aNational Federation of Building Trades Employers _91526 |
||
| 942 | _n0 | ||
| 948 | _c04/03/1997 | ||
| 999 |
_c95892 _d95892 |
||